| 000 | 00874nam a2200205 i 4500 | ||
|---|---|---|---|
| 001 | 124784 | ||
| 003 | ES-MaACL | ||
| 005 | 20230906192510.0 | ||
| 007 | t| | ||
| 008 | 070419s1933 sp ||||1| spa d | ||
| 110 | 2 |
_aInstituto Nacional de Previsión (España) _95180 |
|
| 245 | 1 | 0 |
_aInforme de la Comisión nombrada por el Instituto Nacional de Previsión para la revisión del convenio con los médicos respecto al seguro de maternidad / _cInstituto Nacional de Previsión. |
| 260 |
_aMadrid : _b[s.n.], _c1933 ( _fOficina Tip. del Instituto Nacional de Previsión) |
||
| 300 |
_a23 p. ; _c20 cm. |
||
| 490 | 1 |
_aPublicaciones del Instituto Nacional de Previsión ; _v352 |
|
| 650 |
_aSubsidio de maternidad- _zEspaña. _917240 |
||
| 830 | 1 |
_aPublicaciones del Instituto Nacional de Previsión ; _v352 _9181151 |
|
| 852 |
_aES-MaACL _jC-12651(4) |
||
| 999 |
_c124784 _d124784 |
||